Identification de logos #2 - Version française - Statistiques

Statistiques générales
  • Ce quiz a été pris 202 fois
  • Le résultat moyen est 10 sur 16
Statistiques - réponses
Par images Réponse % Correct
Wikipedia
98%
Twitter
95%
Starbucks
92%
Rolex
89%
Nintendo Wii
86%
Dove
84%
Jack Daniels
83%
Harley Davidson
76%
Breaking Bad
68%
Caterpillar
57%
GAP
52%
BP Oil
43%
Vodafone
42%
Dexter
33%
Sons of Anarchy
28%
Fruit of the Loom
18%
Aucun quiz correspondant
Distribution des résultats
% des personnes avec chaque résultat
Percentile par nombre de réponses
Votre historique - résultats
Vous n’avez pas pris ce quiz